000 00882nam a22001937a 4500
005 20250325143641.0
010 _aHIN-129544
020 _a9789387635494 ( खण्ड-2)
035 _aHN-101890
037 _bDBAD
082 _a305.562
100 _aराईन, अयुब
_979890
245 _aभारत के दलित मुसलमान;
_cअयुब राईन
_bशोध एवं विश्लेषण/
260 _aनई दिल्ली
_bआखर प्रकाशन
_c2018
270 _aमुहाल्ला - मिर्जापुर (सकमापुर), पो. -लालबाग
_bदरभंगा
_e846004
_k9934068072
_mdraiyubrayeen@gmail.com
300 _a232पृ.
_c22.8 सेमी (सजिल्द )
490 _aखण्ड-2
942 _2ddc
_cHN
_h305.562
_mराईन
_eखण्ड-2
999 _c210475
_d210475